000 00229nam a2200097Ia 4500
008 170619s9999 xx 000 0 und d
100 _aRAO K S
245 0 _aNUMERICAL METHODS FOR SCIENTISTS & ENGINEERS
260 _bPHI
260 _c2008
546 _aENGLISH
999 _c19447
_d19447